| 000 | 00388nam a2200169Ia 4500 | ||
|---|---|---|---|
| 001 | 15583 | ||
| 003 | IN-NITTTR | ||
| 005 | 20251114233147.0 | ||
| 008 | 251113s9999||||xx |||||||||||||| ||eng|| | ||
| 040 | _beng | ||
| 040 | _cIN-NITTTR | ||
| 041 | _aeng | ||
| 082 | _a891.433 B46M H | ||
| 100 | _aBhatnagar, Kanaad Rishi | ||
| 245 | 0 |
_aMaya. / _cBhatnagar, Kanaad Rishi |
|
| 942 |
_2ddc _cBK |
||
| 999 |
_c18217 _d18217 |
||